000 00557nam a2200193Ia 4500
003 OSt
005 20240325140800.0
008 210210b1949 xxu||||| |||| 00| 0 eng d
040 _cAL
041 _aKannada
082 _a854/305
100 _aVENKATESHA AYYANGAR MASTI ವೆಂಕಟೇಶ ಅಯ್ಯಂಗಾರ್ ಮಾಸ್ತಿ
_9133563
245 _aPrasanga
_bಪ್ರಸಂಗ
260 _aBengaluru
_bJivana Karyalaya
_c1949
650 _aPrasanga
_9133564
690 _aKannada Criticism
_9133565
906 _a020154
942 _2ddc
_cBK
999 _c144306
_d144306